LEADER 01326nam a2200301 u 4500 001 000000116479 003 CaOOAMICUS 005 20090626104655.0 008 090626m20099999it u000 u ita r 020 $z978-88-348-9490-3 (v. 1)* 040 $aPUL$bita$dLDB 100 1 $aChiassoni, Pierluigi.$0(OLS)http://pul/name/70191 245 12$aL'indirizzo analitico nella filosofia del diritto /$cPierluigi Chiassoni. 260 $aTorino :$bGiappichelli,$c<2009->. 300 $av. <1-> ;$c23 cm. 490 1 $aAnalisi e diritto.$aSerie teorica ;$v81 504 $aInclude bibliografia. 505 1 $av. 1. Da Bentham a Kelsen. 650 4$aFilosofia del diritto.$0(OLS)http://pul/subject/620 650 4$aPositivismo giuridico.$0(OLS)http://pul/subject/28177 830 0$aAnalisi e diritto.$pSerie teorica ;$v81.$0(OLS)http://pul/title/74924 850 $aPUL 852 $aPUL$W1$xSL Diritto e Scienze Sociali 3$y79$m340. 112 CHIPI 1$j133496$qDDC 21$B132528$CPULBib$Z2$F132528 $H110670 $82 941 1 $a9 960 $aDiritto$xFilosofia$9620 996 $6020$z978-88-348-9490-3 (v. 1)*$9(OLS)http://pul/number/141329 996 $6245$aL'indirizzo analitico nella filosofia del diritto$9(OLS)http://pul/title/146369 996 $6260$aTorino :$bGiappichelli$9(OLS)http://pul/publisher/48244 LEADER 01307nam a2200289 a 4500 001 000000146460 003 CaOOAMICUS 005 20151013132939.0 008 151013m18759999it u000 u ita r 040 $aPUL$bita 100 1 $aTarino, Pietro,$csac.$0(OLS)http://pul/name/55857 245 13$aIl nuovo libro del buon pastore ossia Gesł Cristo libro e modello del buon pastore /$cpel canonico Pietro Tarino. 250 $a2. ed. completata e migliorata. 260 $aTorino :$btipografia di Giulio Speirani e figli,$c1875- 300 $av. ;$c19 cm. 500 $aNell'occhietto: Il libro dell'Ecclesiaste del secolo Decimonono. 505 1 $aV. 2. Libro del parroco. 650 4$aSacerdoti.$0(OLS)http://pul/subject/9003 740 02$aLibro del parroco. 850 $aPUL 852 $aPUL$W1$xDP1 Religione 1$y20$m642 D 90$j169377$bv. 2$qStampati$B170150$CPULBib$Z2$F170150 $81 941 1 $a8 961 $aTimbri: E. Bibliot. S. Spir. Collegii Leoniani 996 $6245$aIl nuovo libro del buon pastore ossia Gesł Cristo libro e modello del buon pastore$9(OLS)http://pul/title/185101 996 $6740$aLibro del parroco$9(OLS)http://pul/title/185102 996 $6260$aTorino :$btipografia di Giulio Speirani e figli$9(OLS)http://pul/publisher/83935